Giải phẫu người. Dùng cho học sinh khoa sinh vật trường Đại học Tổng hợp / t.I :
Gorde:
| Egile nagusia: | |
|---|---|
| Formatua: | Sách giấy |
| Hizkuntza: | Vietnamese |
| Argitaratua: |
H. :
Đại học và Trung học Chuyên nghiệp,
1969.
|
| Etiketak: |
Etiketa erantsi
Etiketarik gabe, Izan zaitez lehena erregistro honi etiketa jartzen!
|
| Thư viện lưu trữ: | Thư viện Trường Đại học Đà Lạt |
|---|
| LEADER | 00708nam a2200265 4500 | ||
|---|---|---|---|
| 001 | DLU110125143 | ||
| 005 | ##20110915 | ||
| 040 | # | # | |a DLU |b vie |
| 041 | # | # | |a vie |
| 044 | # | # | |a vn |
| 082 | # | # | |a 612 |b NG-K |
| 100 | # | # | |a Nguyễn Đình Khoa. |
| 245 | # | # | |a Giải phẫu người. |n t.I : |b Dùng cho học sinh khoa sinh vật trường Đại học Tổng hợp / |c Nguyễn Đình Khoa. |
| 260 | # | # | |a H. : |b Đại học và Trung học Chuyên nghiệp, |c 1969. |
| 300 | # | # | |a 178 tr. ; |c 27 cm. |
| 991 | # | # | |a GT |
| 992 | # | # | |a 0 |
| 994 | # | # | |a DLU |
| 900 | # | # | |a True |
| 911 | # | # | |a Lý Thị Hồng Hạnh |
| 925 | # | # | |a G |
| 926 | # | # | |a A |
| 927 | # | # | |a SH |
| 980 | # | # | |a Thư viện Trường Đại học Đà Lạt |